Court of Appeal Criminal Appeal No.60 of 1996 (Record no. 2789)

MARC details
000 -LEADER
fixed length control field 00437nam a22001097a 4500
008 - FIXED-LENGTH DATA ELEMENTS--GENERAL INFORMATION
fixed length control field 110613t xxu||||| |||| 00| 0 eng d
010 ## - LIBRARY OF CONGRESS CONTROL NUMBER
LC control number CACAF-40
245 ## - TITLE STATEMENT
Title Court of Appeal Criminal Appeal No.60 of 1996
260 ## - PUBLICATION, DISTRIBUTION, ETC. (IMPRINT)
Date of publication, distribution, etc 1996
500 ## - GENERAL NOTE
General note CORAM:S.T, Manyindo, D.C.J: C.M. Kato , JA; &S.G.Engwau, ja
500 ## - GENERAL NOTE
General note Appeal against conviction and sentence of the High Court of Uganda at Mukono by Hon. Lady Justice Mpagi Bahigeine dated 5/11/1996.

No items available.